LEADER 00910nam0-2200289 --450 001 9910288356203321 005 20200312140644.0 010 $a978-88-328-2169-7 100 $a20181024d2017----kmuy0itay5050 ba 101 0 $aita 102 $aIT 105 $aa 001yy 200 1 $aNella bufera del Novecento$eAntonio Gramsci e Piero Sraffa tra lotta politica e teoria critica$fGiancarlo de Vivo 210 $aRoma$cCastelvecchi$d2017 215 $a188 p.$cill.$d22 cm 225 1 $a<>navi 610 0 $aGramsci, Antonio$aRapporti con Sraffa Piero 610 0 $aSraffa, Piero$aRapporti con Gramsci Antonio 676 $a320.532092$v23$zita 700 1$aDe Vivo,$bGiancarlo$0146551 801 0$aIT$bUNINA$gREICAT$2UNIMARC 901 $aBK 912 $a9910288356203321 952 $aXIV B 2696$b424/2018$fFSPBC 959 $aFSPBC 996 $aNella bufera del Novecento$91535095 997 $aUNINA